| 000 | 01783cam a22003974a 4500 | ||
|---|---|---|---|
| 999 |
_c10584 _d10584 |
||
| 001 | 57682411 | ||
| 003 | OCoLC | ||
| 005 | 20210226161716.0 | ||
| 008 | 050208s2005 tnub b 000 0 eng | ||
| 010 | _a2005003503 | ||
| 020 | _a0785262059 | ||
| 020 | _a9780785262053 | ||
| 020 | _a9780785288077 | ||
| 020 | _a0785288074 | ||
| 035 |
_a(OCoLC)57682411 _z(OCoLC)144514621 |
||
| 040 |
_aDLC _beng _cDLC _dYDX _dBAKER _dBTCTA _dYDXCP _dOCLCG _dOCLCQ _dBDX _dOCLCA _dOCLCF _dOCLCA _dIG# _dOCLCO _dOCLCQ _dATH |
||
| 042 | _apcc | ||
| 050 | 0 | 0 |
_aBV4517.5 _bB627A |
| 082 | _bB627A | ||
| 100 | 1 |
_aBlackaby, Henry T., _d1935- |
|
| 245 | 1 | 0 |
_aAnointed to be God's servants : _bhow God blesses those who serve together / _cHenry Blackaby and Thomas Blackaby. |
| 260 |
_aNashville, Tenn. : _bThomas Nelson Publishers, _c©2005. |
||
| 300 |
_axvi, 189 pages : _bmaps ; _c24 cm. |
||
| 336 |
_atext _btxt _2rdacontent |
||
| 337 |
_aunmediated _bn _2rdamedia |
||
| 338 |
_avolume _bnc _2rdacarrier |
||
| 490 | 1 | _a[Biblical legacy series] | |
| 500 | _aSeries statement on jacket. | ||
| 504 | _aIncludes bibliographical references. | ||
| 505 | 0 | _aPaul's need for companions -- The rewards and cost of companionship -- Paul nurtured relationships -- Paul's major companions -- Paul's lesser-known companions -- Honoring the companions God sends you -- Being a companion to God's servants -- What we can learn from Paul and his companions -- Names of Paul's friends by book and chapter -- Paul's journeys -- List of companions by city of origin or first acquaintance with Paul. | |
| 600 | 0 | 0 |
_aPaul, _cthe Apostle, Saint _xFriends and associates. |
| 650 | 0 |
_aFellowship _xReligious aspects _xChristianity. |
|
| 700 | 1 |
_aBlackaby, Tom, _d1962- |
|
| 830 | 0 | _aBiblical legacy series. | |
| 942 |
_2ddc _cBK |
||